| 000 | 01348 a2200229 4500 | ||
|---|---|---|---|
| 001 | 48455 | ||
| 005 | 20260407155749.0 | ||
| 008 | 260407a2018 arg spa d | ||
| 003 | AR-UNSa-BCEJYS | ||
| 040 |
_aAR-UNSa-BCEJYS _bspa _cAR-UNSa-BCEJYS |
||
| 080 |
_a347.159 _xDerecho de la Personas Mayores |
||
| 245 | 1 | 0 |
_aEnvejecimiento, personas mayores y agenda 2030 para el desarrollo sostenible _pperspectiva regional y de derecho humanos |
| 020 | _a978-92-1-122002-5 | ||
| 264 | 1 |
_aSantiago de Chile : _bCEPAL (Comisión Económica para América Latina y el Caribe) _c2018 |
|
| 300 |
_a251 p. _c22 cm. |
||
| 505 | _a1. Cambio demográfico, disparidades y convergencias regionales - 2. Situación sociodemográfica de las personas mayores en América Latina y el Caribe - 3. Los derechos humanos en un contexto de envejecimiento y la protección de los derechos de las personas mayores - 4. La universalización de la protección social de la vejez en el contexto de la Agenda 2030 - 5. Las disparidades que afectan los derechos humanos de las personas mayores y el cumplimiento de los ODS - 6. Síntesis y conclusiones - | ||
| 041 | _aspa | ||
| 942 | _cBK | ||
| 590 | _aniveau_biblio:m niveau_hierar:0 | ||
| 100 | 1 | _aHuenchuan, Sandra | |
| 856 | 4 | 1 |
_uhttps://www.biblioeco.unsa.edu.ar/pmb/images/libros/L127892.jpg _yImagen de portada _qimage/jpeg |
| 999 |
_c4595 _d4595 |
||